000 00645nam a2200193Ia 4500
003 GCL
008 140319s9999 xx 000 0 ara d
040 _aGCL /
_cGCL
082 0 4 _a189
_bس ف
100 1 _aسهير فضل الله ابووافية
245 1 0 _aفلسفة العمل فى الاسلام /
_cسهير فضل الله ابووافية
260 _aالقاهرة :
_bدار الكتاب ،
_c1986
300 _a144 ص ؛
_c24 سم
650 0 4 _aالاسلام
650 0 4 _aالاخلاق الاسلامية
650 0 4 _aالاداب الاسلامية
650 0 4 _aالعقيدة الاسلامية
942 _2ddc
_cBK
999 _c29639
_d29639